Distribution par images - Le père Noël est une ordure - Statistiques

Statistiques générales
  • Ce quiz a été pris 718 fois
  • Le résultat moyen est 5 sur 9
Statistiques - réponses
Par images Hint Réponse % Correct
Félix Gérard Jugnot
93%
Pierre Mortez Thierry Lhermitte
91%
Katia Christian Clavier
80%
Marie-Ange Musquin Josiane Balasko
69%
Thérèse de Monsou Anémone
66%
Josette Marie-Anne Chazel
64%
Leblé Martin Lamotte
28%
Preskovitch Bruno Moynot
18%
Poinsot Jacques François
14%
Aucun quiz correspondant
Distribution des résultats
% des personnes avec chaque résultat
Percentile par nombre de réponses
Votre historique - résultats
Vous n’avez pas pris ce quiz